000 00642nam a2200217 4500
003 OSt
005 20240620055616.0
006 a
008 240620b |||||||| |||| 00| 0 eng d
020 _a9781408234303
040 _aDWCL-Main lib.
_cOC
082 _2Fifteenth edition
_aGR. 570.3 H496b 2011
245 _aHenderson’s dictionary of biology /
250 _aFifteenth edition
260 _aEngland :
_bPearson Education Ltd.,
_cc2011.
300 _axii,
_b758 p. ;
_c20 cm.
504 _aIncludes appendices.
650 _a1. Biology–Dictionaries.
700 _aEleanor Lawrence
942 _2ddc
_n0
_cGR
_eFifteenth edition
_kGR.
999 _c981
_d981